व्यवसाय अध्ययन : (Record no. 170073)

MARC details
000 -LEADER
fixed length control field 01478nam a22002657a 4500
005 - DATE AND TIME OF LATEST TRANSACTION
control field 20191210160602.0
010 ## - LCCN (DPL NO)
LC control number B-066542
020 ## - INTERNATIONAL STANDARD BOOK NUMBER
Terms of availability 80.00
035 ## - SYSTEM CONTROL NUMBER
System control number B-066542
037 ## - SOURCE OF ACQUISITION
Source of stock number/acquisition आर्य पब्लिकेशन्स
082 ## - DEWEY DECIMAL CLASSIFICATION NUMBER
Classification number 380
Item number छाबड़ा
100 ## - MAIN ENTRY--PERSONAL NAME
Personal name छाबड़ा, टी.एन.
245 ## - TITLE STATEMENT
Title व्यवसाय अध्ययन :
Statement of responsibility, etc टी.एन.छाबड़ा ; अनुवादक मीरा रंजन
Remainder of title व्यवसाय के आधार तथा कंपनी संगठन , वित्त एवं व्यावापर /
246 ## - VARYING FORM OF TITLE
Title proper/short title vyavasay adhyayan : vyavasay ke adhar tatha company sangathan vitt evam vyapar /
Remainder of title by T.N. Chabara ; anuvadak Meera Ranjan
260 ## - PUBLICATION, DISTRIBUTION, ETC. (IMPRINT)
Place of publication, distribution, etc नई दिल्ली
Name of publisher, distributor, etc आर्य पब्लिकेशन्स
Date of publication, distribution, etc 2002
270 ## - ADDRESS
City नई दिल्ली
Address 30, नाईवाला , करोल बाग,
Postal code 110005
300 ## - PHYSICAL DESCRIPTION
Extent 330पृ.
Dimensions 22सेमी(सजिल्द )
650 ## - SUBJECT ADDED ENTRY--TOPICAL TERM
Topical term or geographic name as entry element व्यवसाय अध्ययन
General subdivision
Geographic subdivision
650 ## - SUBJECT ADDED ENTRY--TOPICAL TERM
Topical term or geographic name as entry element कंपनी संगठन
650 ## - SUBJECT ADDED ENTRY--TOPICAL TERM
Topical term or geographic name as entry element Business Studies
650 ## - SUBJECT ADDED ENTRY--TOPICAL TERM
Topical term or geographic name as entry element Company organization
700 ## - ADDED ENTRY--PERSONAL NAME
Personal name रंजन मीरा
9 (RLIN) 109179
942 ## - ADDED ENTRY ELEMENTS (KOHA)
Source of classification or shelving scheme Dewey Decimal Classification
Item type Hindi Books
Classification part 380
Call number suffix छाबड़ा
Holdings
Withdrawn status Lost status Not for loan Collection code Home library Current library Date acquired Cost, normal purchase price Full call number Barcode Copy number Cost, replacement price Koha item type
      Non-fiction Sarojini Nagar Sarojini Nagar 10/12/2019 80.00 380 छाबड़ा B-066542 1 80.00 Hindi Books

© Delhi Public Library
Hit Counter
free hit counter